| 000 | 00533nam a22002177a 4500 | ||
|---|---|---|---|
| 005 | 20190614140757.0 | ||
| 008 | 180322b xxu||||| |||| 00| 0 spa d | ||
| 020 | _a9789977239934 | ||
| 041 | _aspa | ||
| 082 | _aCR 863.6 P659d5 | ||
| 100 |
_aPinto, Julieta _946360 |
||
| 245 | _aDavid | ||
| 260 | _aCosta Rica | ||
| 260 | _bCosta Rica | ||
| 260 | _c2016 | ||
| 300 | _a124 páginas | ||
| 650 |
_aNOVELA COSTARRICENSE _9423 |
||
| 650 |
_aLITERATURA INFANTIL _93434 |
||
| 650 |
_aLITERATURA COSTARRICENSE _9424 |
||
| 942 | _cLIT | ||
| 999 |
_c10499 _d10499 |
||